[Event "Titled Tuesday intern op 11th Jun Early"]
[Site "Chess.com INT"]
[Date "2024.06.11"]
[Round "4"]
[White "Titarov, Vasilii"]
[Black "Sowinski, Pawel"]
[Result "1-0"]
[WhiteElo "2171"]
[BlackElo "2428"]
[PlyCount "133"]
[EventDate "2024.06.11"]
[EventType "swiss (blitz)"]
[EventRounds "11"]
[EventCountry "USA"]
[SourceTitle "EXT 2025"]
[Source "ChessBase"]
[SourceDate "2024.10.14"]
[SourceVersion "1"]
[SourceVersionDate "2024.10.14"]
[SourceQuality "1"]

1. a3 a5 2. e3 b6 3. d4 Bb7 4. c4 e6 5. Nc3 Nf6 6. Nf3 d5 7. cxd5 exd5 8. Bb5+ c6 9. Bd3 Nbd7 10. 0-0 Bd6 11. e4 dxe4 12. Nxe4 Nxe4 13. Bxe4 Nf6 14. Bg5 h6 15. Re1 Kf8 16. Bh4 g5 17. Bg3 Bxg3 18. hxg3 Kg7 19. Qc2 Re8 20. Bf5 Qd5 21. Re5 Qd6 22. Rae1 c5 23. dxc5 bxc5 24. Qxc5 Qxc5 25. Rxc5 Rxe1+ 26. Nxe1 Rd8 27. Nf3 Rd1+ 28. Kh2 Be4 29. g4 h5 30. Bxe4 Nxe4 31. Rxa5 hxg4 32. Nxg5 g3+ 33. fxg3 Nf2 34. g4 Nxg4+ 35. Kg3 Nh6 36. Nf3 Kg6 37. b4 Rb1 38. Ra6+ f6 39. Kf4 Nf5 40. g4 Ne7 41. g5 Nd5+ 42. Kg3 Rb3 43. gxf6 Nxf6 44. Kf2 Kf5 45. Nd4+ Ke4 46. Nxb3 Ng4+ 47. Ke2 Ne5 48. Nc5+ Kd5 49. Re6 Nc4 50. Kd3 Nxa3 51. Re1 Nc4 52. Rh1 Nd6 53. Rh5+ Kc6 54. Rh6 Kd5 55. Rxd6+ Kxd6 56. Kc4 Kc6 57. b5+ Kb6 58. Nb3 Kb7 59. Kc5 Kc8 60. b6 Kb7 61. Kb5 Kc8 62. Kc6 Kb8 63. Nc5 Ka8 64. b7+ Ka7 65. Nd7 Ka6 66. b8Q Ka5 67. Qb5# 1-0

[Event "Titled Tuesday intern op 28th May Early"]
[Site "Chess.com INT"]
[Date "2024.05.28"]
[Round "11"]
[White "Peng, Li Min"]
[Black "Titarov, Vasilii"]
[Result "1-0"]
[WhiteElo "2552"]
[BlackElo "2160"]
[PlyCount "111"]
[EventDate "2024.05.28"]
[EventType "swiss (blitz)"]
[EventRounds "11"]
[EventCountry "USA"]
[SourceTitle "EXT 2025"]
[Source "ChessBase"]
[SourceDate "2024.10.14"]
[SourceVersion "1"]
[SourceVersionDate "2024.10.14"]
[SourceQuality "1"]

1. e4 d6 2. d4 Nf6 3. Nc3 e5 4. dxe5 dxe5 5. Qxd8+ Kxd8 6. Bc4 Be6 7. Bxe6 fxe6 8. f3 Nc6 9. Be3 Bb4 10. 0-0-0+ Ke7 11. Nce2 a5 12. c3 Bd6 13. a4 Nb8 14. h4 Nbd7 15. Kc2 Nc5 16. b3 Rhb8 17. c4 Na6 18. Nh3 Bb4 19. Nf2 Nc5 20. Nd3 Nxd3 21. Rxd3 Rd8 22. Rxd8 Rxd8 23. h5 h6 24. Nc1 Nd7 25. Nd3 b6 26. g4 Rf8 27. Rh3 Bd6 28. Kd2 Rf7 29. Ke2 Nb8 30. g5 hxg5 31. Bxg5+ Kd7 32. Be3 Nc6 33. Rg3 Ke7 34. Rg6 Kd7 35. Nf2 Nd4+ 36. Bxd4 exd4 37. Nd3 e5 38. Nf2 Ke7 39. Ng4 Kd7 40. Nf2 Ke7 41. Nh1 Kd7 42. Ng3 d3+ 43. Kxd3 Rxf3+ 44. Ke2 Rf7 45. Nf5 Bf8 46. Kd3 Kc8 47. Kc3 Rd7 48. Re6 Bb4+ 49. Kc2 Rd2+ 50. Kc1 Re2 51. Rxe5 Re1+ 52. Kc2 Rg1 53. Re6 Rg2+ 54. Kd1 Rg5 55. Rg6 Rxh5 56. Rxg7 1-0